000
00250nam a2200109Ia 4500
008
220204s9999 xx 000 0 und d
082
_a
82-3
_b
LAM
100
_a
Lamour, Louis
245
0
_a
Sackett's land
260
_a
London
_b
Corgi
_c
1979
942
_c
BK
999
_c
35191
_d
35191